|
|
|
|
| LEADER |
01020nam a2200301 4500 |
| 001 |
4248 |
| 003 |
BD-DhAAL |
| 005 |
20151007143943.0 |
| 008 |
151007s1985 nyu b 001 0 eng |
| 010 |
|
|
|a 84045767
|
| 020 |
|
|
|a 1861975899
|
| 020 |
|
|
|a 0394544846
|
| 040 |
|
|
|a DLC
|c DLC
|d MYG
|d BD-DhAAL
|
| 049 |
|
|
|a MYGD
|
| 050 |
0 |
|
|a HD70.U5
|b P425 1985
|
| 082 |
|
|
|a 658/.00973
|
| 099 |
|
|
|a HD70.U5.P425 1985
|
| 100 |
1 |
|
|a Peters, Thomas J.
|9 9122
|
| 245 |
1 |
2 |
|a A passion for excellence :
|b the leadership difference /
|c Tom Peters, Nancy Austin.
|
| 260 |
|
|
|a New York :
|b Random House,
|c c1985.
|
| 300 |
|
|
|a xxiv, 437 p. ;
|c 25 cm.
|
| 504 |
|
|
|a Includes bibliographies and index.
|
| 541 |
|
|
|e 4248
|
| 650 |
|
0 |
|a Industrial management
|z United States.
|9 15210
|
| 700 |
1 |
|
|a Austin, Nancy.
|9 11783
|
| 942 |
|
|
|2 ddc
|c BK
|
| 999 |
|
|
|c 35713
|d 35713
|
| 952 |
|
|
|0 0
|1 0
|2 ddc
|4 0
|6 658_000000000000000__00973_PET
|7 0
|9 56167
|a SCL
|b SCL
|c GEN
|d 2015-10-07
|g 365.00
|l 3
|m 3
|o 658.00973 PET
|p 3020004248
|r 2024-07-08
|s 2024-06-23
|t 1
|w 2015-10-07
|y BK
|